Surviving in My World: (Record no. 182105)

MARC details
000 -LEADER
fixed length control field 00758nam a22002177a 4500
005 - DATE AND TIME OF LATEST TRANSACTION
control field 20211025122658.0
010 ## - LCCN (DPL NO)
LC control number ENG-130061
020 ## - INTERNATIONAL STANDARD BOOK NUMBER
International Standard Book Number 978-93-81345-09-2
Terms of availability 450.00
035 ## - SYSTEM CONTROL NUMBER
System control number EN-113593
037 ## - SOURCE OF ACQUISITION
Source of stock number/acquisition DBAD/PUB
082 ## - DEWEY DECIMAL CLASSIFICATION NUMBER
Classification number 891.4409
100 ## - MAIN ENTRY--PERSONAL NAME
Personal name Biswas,Manohar Mauli
245 ## - TITLE STATEMENT
Title Surviving in My World:
Remainder of title Growing up Dalit in Bengal/
Statement of responsibility, etc Manohar Mouli Biswas
250 ## - EDITION STATEMENT
Edition statement 2020
260 ## - PUBLICATION, DISTRIBUTION, ETC. (IMPRINT)
Name of publisher, distributor, etc Mandira Sen For Bhatkal and Sen in the imprint Samya
Date of publication, distribution, etc 2020
Place of publication, distribution, etc Kolkata
270 ## - ADDRESS
Address 16 Southern Avenue
Postal code 700026
City Kolkata
Electronic mail address bhatkalsenss@gmail.com
300 ## - PHYSICAL DESCRIPTION
Extent 125p
Dimensions 22cm (pbk)
Other physical details Index ,notes
500 ## - GENERAL NOTE
General note Index, Notes
700 ## - ADDED ENTRY--PERSONAL NAME
Personal name By Translated and Edited by Angana Dutta and Jaydeep Sarani
942 ## - ADDED ENTRY ELEMENTS (KOHA)
Source of classification or shelving scheme Dewey Decimal Classification
Item type English Books
Classification part 891.4409
Call number suffix BIS
Holdings
Withdrawn status Lost status Not for loan Collection code Home library Current library Date acquired Source of acquisition Cost, normal purchase price Full call number Barcode Copy number Cost, replacement price Koha item type
      Non-fiction Mobile Library Mobile Library 25/10/2021 DBAD/PUB 450.00 891.4409 BIS EN-113593 1 450.00 English Books

© Delhi Public Library
Hit Counter
free hit counter